iCarly and VicTORIous characters - Statistics

General Stats
  • This quiz has been taken 924 times
  • The average score is 9 of 15
Answer Stats
real name character name % Correct
Victoria Justice Tori Vega
96%
Ariana Grande Cat Valentine
89%
Daniella Monet Trina Vega
86%
Miranda Cosgrove Carly Shay
82%
Elizabeth Gillies Jade West
76%
Jennette McCurdy Sam Puckett
74%
Jerry Trainor Spencer Shay
72%
Nathan Kress Freddie Benson
70%
Leon Thomas III Andre Harris
68%
Matt Bennett Robbie Shapiro
68%
Avan Jogia Beck Oliver
51%
Noah Munck Gibby Gibson
26%
Jake Farrow Rex
23%
Alexander Reed Nevel Papperman
21%
Michael Eric Reid Sinjin Van Cleef
19%
No matching quizzes found
Score Distribution
Percent of People with Each Score
Percentile by Number Answered
Your Score History
You have not taken this quiz